Access to telecommunication data in criminal justice: a comparative legal analysis

Guardado en:  
Detalles Bibliográficos
Autores principales: Sieber, Ulrich 1950- (Autor, Editor) ; Zur Mühlen, Nicolas von 1982- (Autor, Editor) ; Tropina, Tatiana (Autor, Editor) ; Bachmaier Winter, Lorena (Autor, Editor)
Tipo de documento: Print Libro
Lenguaje:Inglés
Publicado: Berlin Duncker & Humblot [2021]
Freiburg i. Br. Max-Planck-Institut für ausländisches und internationales Strafrecht [2021]
En:Año: 2021
Edición:2nd revised and expanded edition
Verificar disponibilidad: HBZ Gateway
Servicio de pedido Subito: Pedir ahora.
Volúmenes / Artículos:Mostrar volumes / artículos.
Palabras clave:

MARC

LEADER 00000cam a2200000 ca4500
001 1773831062
003 DE-627
005 20260324151524.0
007 tu
008 211014m20212021gw ||||| 00| ||eng c
016 7 |a 1254288120  |2 DE-101 
020 |a 9783861137672  |q Klappenbroschur (Max-Planck-Institut)  |9 978-3-86113-767-2 
020 |a 9783428182725  |q Klappenbroschur (Duncker & Humblot)  |9 978-3-428-18272-5 
035 |a (DE-627)1773831062 
035 |a (DE-603)490960618 
035 |a (DE-599)KXP1773831062 
040 |a DE-627  |b ger  |c DE-627  |e rda 
041 |a eng 
044 |c XA-DE-BE  |c XA-DE-BW 
082 0 4 |a 340 
084 |a INTRECHT  |q DE-1a  |2 fid 
084 |a PZ 4800  |2 rvk  |0 (DE-625)rvk/141183: 
084 |a PH 6050  |q DE-208  |2 rvk  |0 (DE-625)rvk/136214: 
084 |a PH 4940  |q DE-208  |2 rvk  |0 (DE-625)rvk/136164: 
084 |a 86.06  |2 bkl 
084 |a 86.10  |2 bkl 
084 |a 86.54  |2 bkl 
090 |a a 
100 1 |a Sieber, Ulrich  |d 1950-  |e VerfasserIn  |e HerausgeberIn  |0 (DE-588)130082309  |0 (DE-627)490289657  |0 (DE-576)16306864X  |4 aut  |4 edt 
109 |a Sieber, Ulrich 1950- 
245 1 0 |a Access to telecommunication data in criminal justice  |b a comparative legal analysis  |c Ulrich Sieber, Nicolas von zur Mühlen, Tatiana Tropina (eds.) ; authors and co-authors: Prof. Dr. Dr. h.c. Lorena Bachmaier Winter (Madrid), Dr. Nicolas von zur Mühlen (Berlin), Prof. Dr. Dr. h.c. mult. Ulrich Sieber (Freiburg), Dr. Tatiana Tropina (Leiden) [und 25 weitere] 
250 |a 2nd revised and expanded edition 
264 1 |a Berlin  |b Duncker & Humblot  |c [2021] 
264 1 |a Freiburg i. Br.  |b Max-Planck-Institut für ausländisches und internationales Strafrecht  |c [2021] 
264 4 |c © 2021 
336 |a Text  |b txt  |2 rdacontent 
337 |a ohne Hilfsmittel zu benutzen  |b n  |2 rdamedia 
338 |a Band  |b nc  |2 rdacarrier 
490 0 |a Schriftenreihe des Max-Planck-Instituts für ausländisches und internationales Strafrecht  |a S, Strafrechtliche Forschungsberichte  |v Band 156 
500 |a 1. Auflage (2017) einbändig erschienen 
610 2 7 |0 (DE-588)5098525-5  |0 (DE-627)132918269  |0 (DE-576)194702391  |a Europäische Union  |2 gnd 
650 0 7 |0 (DE-588)4057803-3  |0 (DE-627)106149431  |0 (DE-576)209123753  |a Strafverfolgung  |2 gnd 
650 0 7 |0 (DE-588)7732308-7  |0 (DE-627)645153877  |0 (DE-576)33661960X  |a Telekommunikationsüberwachung  |2 gnd 
650 0 7 |0 (DE-588)7563861-7  |0 (DE-627)526885912  |0 (DE-576)262912600  |a Online-Durchsuchung  |2 gnd 
650 0 7 |0 (DE-588)4244904-2  |0 (DE-627)10483109X  |0 (DE-576)210467002  |a Telekommunikationsdienst  |2 gnd 
650 0 7 |0 (DE-588)4148875-1  |0 (DE-627)105565431  |0 (DE-576)20976810X  |a Datensammlung  |2 gnd 
650 0 7 |0 (DE-588)4203778-5  |0 (DE-627)10514844X  |0 (DE-576)210157453  |a Herausgabepflicht  |2 gnd 
650 0 7 |0 (DE-588)4115712-6  |0 (DE-627)104262664  |0 (DE-576)209495464  |a Rechtsvergleich  |2 gnd 
650 0 7 |0 (DE-588)4011134-9  |0 (DE-627)106354213  |0 (DE-576)208891986  |a Datenschutz  |2 gnd 
650 0 7 |0 (DE-588)4116635-8  |0 (DE-627)105805289  |0 (DE-576)209503211  |a Strafverfahrensrecht  |2 gnd 
651 7 |0 (DE-588)4015701-5  |0 (DE-627)104289007  |0 (DE-576)208913092  |a Europa  |2 gnd 
651 7 |0 (DE-588)4078704-7  |0 (DE-627)106076612  |0 (DE-576)209209682  |a Usa  |2 gnd 
689 0 0 |d g  |0 (DE-588)4015701-5  |0 (DE-627)104289007  |0 (DE-576)208913092  |a Europa  |2 gnd 
689 0 1 |d g  |0 (DE-588)4078704-7  |0 (DE-627)106076612  |0 (DE-576)209209682  |a USA  |2 gnd 
689 0 2 |d s  |0 (DE-588)4057803-3  |0 (DE-627)106149431  |0 (DE-576)209123753  |a Strafverfolgung  |2 gnd 
689 0 3 |d s  |0 (DE-588)7732308-7  |0 (DE-627)645153877  |0 (DE-576)33661960X  |a Telekommunikationsüberwachung  |2 gnd 
689 0 4 |d s  |0 (DE-588)7563861-7  |0 (DE-627)526885912  |0 (DE-576)262912600  |a Online-Durchsuchung  |2 gnd 
689 0 5 |d s  |0 (DE-588)4244904-2  |0 (DE-627)10483109X  |0 (DE-576)210467002  |a Telekommunikationsdienst  |2 gnd 
689 0 6 |d s  |0 (DE-588)1323933107  |0 (DE-627)1883815967  |a Datenzugang  |2 gnd 
689 0 7 |d s  |0 (DE-588)4115712-6  |0 (DE-627)104262664  |0 (DE-576)209495464  |a Rechtsvergleich  |2 gnd 
689 0 |5 (DE-627) 
700 1 |a Zur Mühlen, Nicolas von  |d 1982-  |e VerfasserIn  |e HerausgeberIn  |0 (DE-588)1121531245  |0 (DE-627)874331633  |0 (DE-576)480859752  |4 aut  |4 edt 
700 1 |a Tropina, Tatiana  |e VerfasserIn  |e HerausgeberIn  |0 (DE-588)1072705338  |0 (DE-627)82812678X  |0 (DE-576)312040040  |4 aut  |4 edt 
700 1 |a Bachmaier Winter, Lorena  |e VerfasserIn  |0 (DE-588)1036649865  |0 (DE-627)750681403  |0 (DE-576)275053105  |4 aut 
776 1 |o 10.30709/978-3-86113-767-2 
935 |i sf 
936 r v |a PZ 4800  |b Internationaler Datenschutz (BF Grenzüberschreitender Datenschutz), vergleichendes Datenschutzrecht  |k Rechtswissenschaft  |k Datenverarbeitung und Recht  |k Datenschutz (BF Datenschutzrecht), Datensicherung (BF Datensicherheit; Sicherheit / Datenverarbeitung)  |k Internationaler Datenschutz (BF Grenzüberschreitender Datenschutz), vergleichendes Datenschutzrecht  |0 (DE-627)1271564955  |0 (DE-625)rvk/141183:  |0 (DE-576)201564955 
936 r v |a PH 6050  |b Vergleichendes Strafprozessrecht  |k Rechtswissenschaft  |k Strafrecht, Strafverfahrensrecht, Kriminologie  |k Vergleichendes und ausländisches Straf- und Strafprozessrecht einschliesslich Strafvollzug  |k Rechtsvergleich  |k Vergleichendes Strafprozessrecht  |0 (DE-627)1272128768  |0 (DE-625)rvk/136214:  |0 (DE-576)202128768 
936 r v |a PH 4940  |b Überwachung des Fernmeldeverkehrs, Einsatz technischer Mittel  |k Rechtswissenschaft  |k Strafrecht, Strafverfahrensrecht, Kriminologie  |k Strafverfahrensrecht  |k Zwangsmassnahmen und sonstige Eingriffsbefugnisse  |k Überwachung des Fernmeldeverkehrs, Einsatz technischer Mittel  |0 (DE-627)1271952858  |0 (DE-625)rvk/136164:  |0 (DE-576)201952858 
936 b k |a 86.06  |j Rechtsvergleichung  |j Rechtsvereinheitlichung  |q DA-3  |0 (DE-627)106410687 
936 b k |a 86.10  |j Recht einzelner Länder, Gebiete und Völker  |0 (DE-627)106422499 
936 b k |a 86.54  |j Polizeirecht  |j Ordnungsrecht  |q DA-3  |0 (DE-627)106422308 
936 s n |a p100  |2 mzub 
951 |a MC 
ELC |b 1 
LOK |0 000 xxxxxcx a22 zn 4500 
LOK |0 001 4396422512 
LOK |0 003 DE-627 
LOK |0 004 1773831062 
LOK |0 005 20231107144154 
LOK |0 008 231025||||||||||||||||ger||||||| 
LOK |0 040   |a DE-21  |c DE-627  |d DE-21 
LOK |0 852   |a DE-21 
LOK |0 852 1  |9 00 
LOK |0 939   |a 2023-10-25  |b l01 
LOK |0 000 xxxxxcx a22 zn 4500 
LOK |0 001 3989616331 
LOK |0 003 DE-627 
LOK |0 004 1773831062 
LOK |0 005 20211014093156 
LOK |0 008 211014||||||||||||||||ger||||||| 
LOK |0 040   |a DE-Frei85  |c DE-627  |d DE-Frei85 
LOK |0 852   |a DE-Frei85 
LOK |0 852 1  |m p  |9 00 
LOK |0 938   |k p 
LOK |0 939   |a 2021-10-14  |b l01 
ORI |a WA-MARC-krimdokb001.raw 
SPR |a 1  |t KRI